Система управления лидарной станцией мониторинга загрязнений атмосферы промышленного района; Безопасность жизнедеятельности; № 9

Bibliographische Detailangaben
Parent link:Безопасность жизнедеятельности: научно-практический и учебно-методический журнал.— , 2001-
№ 9.— 2003.— С. 34-37
1. Verfasser: Воронина Э. И.
Weitere Verfasser: Сапожников Д. Ю., Шеманин В. Г.
Sprache:Russisch
Veröffentlicht: 2003
Schriftenreihe:Защита окружающей среды
Schlagworte:
Format: MixedMaterials Buchkapitel
KOHA link:https://koha.lib.tpu.ru/cgi-bin/koha/opac-detail.pl?biblionumber=388220

MARC

LEADER 00000naa2a2200000 4500
001 388220
005 20231101063720.0
035 |a (RuTPU)RU\TPU\prd\19187 
090 |a 388220 
100 |a 20031105a2003 k y0rusy50 ca 
101 0 |a rus 
102 |a RU 
200 1 |a Система управления лидарной станцией мониторинга загрязнений атмосферы промышленного района  |f Э. И. Воронина, Д. Ю. Сапожников, В. Г. Шеманин 
225 1 |a Защита окружающей среды 
320 |a Библиогр.: 5 назв. 
461 1 |0 (RuTPU)RU\TPU\prd\1137  |t Безопасность жизнедеятельности  |o научно-практический и учебно-методический журнал  |d 2001- 
463 1 |0 (RuTPU)RU\TPU\prd\18708  |t № 9  |v С. 34-37  |d 2003 
610 1 |a лидарные станции 
610 1 |a загрязняющие вещества 
610 1 |a интернет-каналы 
610 1 |a экономический эфект 
610 1 |a атмосфера 
610 1 |a мониторинг экологический 
610 1 |a промышленное предприятие 
610 1 |a информационные потоки 
675 |a 607.946  |v 3 
700 1 |a Воронина  |b Э. И. 
701 1 |a Сапожников  |b Д. Ю. 
701 1 |a Шеманин  |b В. Г. 
801 1 |a RU  |b 63413507  |c 20031105  |g PSBO 
942 |c BK